000 00794nam a22002297a 4500
999 _c18946
_d18946
003 AR-CdUCM
008 190515b ||||| |||| 00| 0 spa d
040 _aMUNICIPALIDAD PROVINCIAL DEL CUSCO
_cBIBLIOTECA MUNICIPAL DEL CUSCO
082 _a549 /
_bAG29
100 _aAgostoni, A.
_939879
245 _aElementos minerales y rocas /
260 _aBuenos Aires :
_bKapelusz,
_c1970.
300 _a42 páginas ;
_bilustraciones,
_c24 cm.
440 _aSerie. Física y Química.
_939880
505 _aContenido: El hombre transforma la materia -- Algunos elementos importantes -- El reino de los minerales.
650 _aMinerales
_919427
650 _aMateria
_9883
650 _aQuímica
_94512
700 _aForni, G. (coautor)
_938767
942 _2ddc
_cLIBROS
945 _aachl
_d2019-05-15